000 00878nam a2200229 a 4500
001 39302
003 BD-RjUL
005 20211209052948.0
008 160407s2014 b ||||e |||| 000 0 ben d
020 _a9847000002235
_cTk.280.00
035 _a(BD-RjUL) 39415
040 _aBD-RjUL
_bben
_cBD-RjUL
041 _aben
082 _223
_a954.0258
_bMOP 2014
100 _aমোহাম্মদ, নূর
_9120890
245 1 0 _aপলাশী যুদ্ধের কারন :
_bইতিহাসের পুনর্পাঠ /
_cনূর মোহাম্মদ
260 _aঢাকা :
_bজাতীয় সাহিত্য প্রকাশ,
_c২০১৪
300 _a১৬০ পৃ. ;
_c২২ সেমি.
650 _aইতিহাস
_zবাংলাদেশ
_9121159
650 _aHistory
_zBangladesh
_9121160
942 _2ddc
_cBK
_05
999 _c39302
_d39302